000
00289 a2200145 4500
001
48065
020
_a
8504008436
040
_c
Anchieta - Aquarius
240
1
0
_a
Formas
_l
por
245
1
0
_a
Formas
300
_a
41
362
0
_a
2005
650
4
_a
Literatura infanto-juvenil
942
_c
BK
999
_c
48065
_d
48065